| 000 | 00716 a2200181 4500 | ||
|---|---|---|---|
| 020 | _a1402014570 | ||
| 020 | _a9781402014574 | ||
| 082 | 0 | 4 | _a515.35 |
| 090 |
_c1359 _d1359 |
||
| 100 | 1 | _aAgarwal, R.P. | |
| 245 | 1 | 0 |
_aSingular differential and integral equations with applications / _cR.P. Agarwal, Donal O'Regan. |
| 260 |
_a[S.l.] : _bSpringer, _c2003. |
||
| 300 |
_a411 p. ; _c24 cm. |
||
| 700 | 1 | _aO'Regan, Donal. | |
| 942 |
_aSNS _cBK _k515.35 AGA |
||
| 999 |
_c29971 _d29971 |
||